000
00290nam a22001337a 4500
008
170907b xxu||||| |||| 00| 0 eng d
020
_a
9780060457037
041
_a
eng
080
_2
3RD
_a
72
100
_a
41
101
_a
ARK
245
_a
STEEL STRUCTURES
_c
SALMON,C.G
942
_2
udc
_c
BK
999
_c
26494
_d
26494